| 000 | 01464nam a2200373Ia 4500 | ||
|---|---|---|---|
| 001 | ebr10281477 | ||
| 003 | CaPaEBR | ||
| 006 | m u | ||
| 007 | cr cn||||||||| | ||
| 008 | 081126s2009 dcua sb 001 0 eng d | ||
| 010 | _z 2008051571 | ||
| 020 | _z9780821378656 (alk. paper) | ||
| 020 | _z0821378651 (alk. paper) | ||
| 020 | _z9780821378762 | ||
| 020 | _z0821378767 | ||
| 040 |
_aCaPaEBR _cCaPaEBR |
||
| 035 | _a(OCoLC)560618462 | ||
| 050 | 1 | 4 |
_aLC67.6 _b.S25 2009eb |
| 100 | 1 | _aSalmi, Jamil. | |
| 245 | 1 | 4 |
_aThe challenge of establishing world-class universities _h[electronic resource] / _cJamil Salmi. |
| 260 |
_aWashington, D.C. : _bWorld Bank, _c2009. |
||
| 300 |
_axvi, 115 p. : _bill. |
||
| 490 | 1 | _aDirections in development | |
| 504 | _aIncludes bibliographical references (p. 99-107) and index. | ||
| 533 |
_aElectronic reproduction. _bPalo Alto, Calif. : _cebrary, _d2009. _nAvailable via World Wide Web. _nAccess may be limited to ebrary affiliated libraries. |
||
| 650 | 0 |
_aEducation, Higher _xEconomic aspects. |
|
| 650 | 0 |
_aEconomic development _xEffect of education on. |
|
| 650 | 0 | _aHigher education and state. | |
| 650 | 0 | _aEducation and globalization. | |
| 655 | 7 |
_aElectronic books. _2local |
|
| 710 | 2 | _aebrary, Inc. | |
| 830 | 0 | _aDirections in development (Washington, D.C.) | |
| 856 | 4 | 0 |
_uhttp://site.ebrary.com/lib/rucke/Doc?id=10281477 _zAn electronic book accessible through the World Wide Web; click to view |
| 999 |
_c3482 _d3482 |
||